| 000 | 00426nam a2200145Ia 4500 | ||
|---|---|---|---|
| 008 | 230312s9999||||xx |||||||||||||| ||und|| | ||
| 020 | _a9781119047698 | ||
| 082 |
_a658.812 _bDAV-T |
||
| 100 | _aLaudon,C,Kenneth | ||
| 245 | 0 | _aEssentials of management information systems : managing the digital firm | |
| 260 |
_bWiley _aUSA _c2015 |
||
| 300 | _a340 | ||
| 650 |
_aCustomer relations Management _vElectronic Book |
||
| 942 | _cBK | ||
| 999 |
_c17771 _d17771 |
||